<?xml version="1.0" encoding="UTF-8"?>
<record
    xmlns:xsi="http://www.w3.org/2001/XMLSchema-instance"
    xsi:schemaLocation="http://www.loc.gov/MARC21/slim http://www.loc.gov/standards/marcxml/schema/MARC21slim.xsd"
    xmlns="http://www.loc.gov/MARC21/slim">

  <leader>01432nam a22002777a 4500</leader>
  <controlfield tag="001">2613</controlfield>
  <controlfield tag="003">HMS</controlfield>
  <controlfield tag="005">20250729101641.0</controlfield>
  <controlfield tag="008">250723e2008    cl a|||frnsuo 001 0 spa  </controlfield>
  <datafield tag="020" ind1=" " ind2=" ">
    <subfield code="a">9780071766258</subfield>
  </datafield>
  <datafield tag="040" ind1=" " ind2=" ">
    <subfield code="a">hms</subfield>
    <subfield code="b">spa</subfield>
    <subfield code="c">hms</subfield>
  </datafield>
  <datafield tag="041" ind1=" " ind2=" ">
    <subfield code="a">eng</subfield>
    <subfield code="h">eng</subfield>
  </datafield>
  <datafield tag="050" ind1="0" ind2="4">
    <subfield code="a">QY25</subfield>
    <subfield code="b">N645</subfield>
  </datafield>
  <datafield tag="082" ind1="0" ind2="4">
    <subfield code="a">616.075</subfield>
    <subfield code="b">N645</subfield>
  </datafield>
  <datafield tag="100" ind1="1" ind2=" ">
    <subfield code="a">Nicoll, Diana,</subfield>
    <subfield code="e">ed.</subfield>
    <subfield code="9">3767</subfield>
  </datafield>
  <datafield tag="245" ind1="1" ind2="0">
    <subfield code="a">Pocket guide to diagnostic tests </subfield>
    <subfield code="c">[edited by], Diana Nicoll ... [et al.] </subfield>
    <subfield code="h">[libro]</subfield>
  </datafield>
  <datafield tag="250" ind1=" " ind2=" ">
    <subfield code="a">Sixth Edition.</subfield>
  </datafield>
  <datafield tag="260" ind1=" " ind2=" ">
    <subfield code="a">New York, N.Y. : </subfield>
    <subfield code="b">McGraw Hill Medical, </subfield>
    <subfield code="c">c 2008</subfield>
  </datafield>
  <datafield tag="300" ind1=" " ind2=" ">
    <subfield code="a">640 p&#xE1;ginas :</subfield>
    <subfield code="b">ilustraciones ;</subfield>
    <subfield code="c">18 cm.</subfield>
  </datafield>
  <datafield tag="500" ind1=" " ind2=" ">
    <subfield code="a">Incluye &#xED;ndice</subfield>
  </datafield>
  <datafield tag="505" ind1=" " ind2=" ">
    <subfield code="a">1. Diagnostic Testing and Medical Decision Making. -- 2. Point-of Care Testing and Provider-performed Microscopy. -- 3. Common Laboratory Test: Selection and Interpretation. -- 4. Therapeutic Droug Monitoring and Pharmacogenetic Testing : Principles and Test Interpretation. -- 5. Microbiology: Test selection. -- 6. Diagnostic Imaging : Test Selection and Interpretation. -- 7. Basic Electrocardiography and Echocardiography. -- 8. Diagnostic Test in Differential Diagnosis -- 9. Diagnistic Algorithms. -- 10.Nomograms and Reference Material.   </subfield>
  </datafield>
  <datafield tag="650" ind1=" " ind2="7">
    <subfield code="a">T&#xE9;cnicas y procedimientos de laboratorio </subfield>
    <subfield code="x">Manuales. </subfield>
    <subfield code="9">3768</subfield>
  </datafield>
  <datafield tag="650" ind1=" " ind2="7">
    <subfield code="a">T&#xE9;cnicas de laboratorio cl&#xED;nico </subfield>
    <subfield code="x">Manuales</subfield>
    <subfield code="9">3769</subfield>
  </datafield>
  <datafield tag="650" ind1=" " ind2="7">
    <subfield code="a">DIAGNOSIS DIFERENCIAL </subfield>
    <subfield code="x">MANUALES.</subfield>
    <subfield code="9">3770</subfield>
  </datafield>
  <datafield tag="942" ind1=" " ind2=" ">
    <subfield code="2">ddc</subfield>
    <subfield code="c">COL GRAL</subfield>
    <subfield code="n">0</subfield>
  </datafield>
  <datafield tag="999" ind1=" " ind2=" ">
    <subfield code="c">2613</subfield>
    <subfield code="d">2613</subfield>
  </datafield>
  <datafield tag="952" ind1=" " ind2=" ">
    <subfield code="0">0</subfield>
    <subfield code="1">0</subfield>
    <subfield code="2">lcc</subfield>
    <subfield code="4">0</subfield>
    <subfield code="7">0</subfield>
    <subfield code="8">Col. Res.</subfield>
    <subfield code="a">BHMS</subfield>
    <subfield code="b">BHMS</subfield>
    <subfield code="c">DISPLAY</subfield>
    <subfield code="d">2025-07-11</subfield>
    <subfield code="e">Donaci&#xF3;n </subfield>
    <subfield code="i">001866</subfield>
    <subfield code="l">0</subfield>
    <subfield code="o">QY25 N645 6&#xAA;ed. 2008</subfield>
    <subfield code="p">001866</subfield>
    <subfield code="r">2025-07-22 09:06:37</subfield>
    <subfield code="t">c.1</subfield>
    <subfield code="w">2025-07-18</subfield>
    <subfield code="y">COL. RES.</subfield>
  </datafield>
</record>
